000 00316nam a2200109Ia 4500
008 171211s9999 xx 000 0 und d
245 _aNocturnal Animals (Greenwood Guides to the Animal World)
245 _cClive Roots
260 _c2006
650 _xANIMALS
856 _uhttp://down.ebook777.com/056/031333546X.pdf
999 _c348437
_d348437